UBT Library

MERGERS ACQUISTIONS AND CORPORATE RESTRUCTURING (Record no. 36753)

000 -LEADER
fixed length control field 00329nam a22001337a 4500
008 - FIXED-LENGTH DATA ELEMENTS--GENERAL INFORMATION
fixed length control field 171031b xxu||||| |||| 00| 0 eng d
020 ## - INTERNATIONAL STANDARD BOOK NUMBER
International Standard Book Number 9780471121978
041 ## - LANGUAGE CODE
Language code of text/sound track or separate title eng
080 ## - UNIVERSAL DECIMAL CLASSIFICATION NUMBER
Edition identifier 3 ED
Universal Decimal Classification number 33
100 ## - Rafti
Rafti 58
101 ## - Shkurtesa
Shkurtesa BUS
245 ## - TITLE STATEMENT
Title MERGERS ACQUISTIONS AND CORPORATE RESTRUCTURING
Statement of responsibility, etc PATRICK.A.G
942 ## - ADDED ENTRY ELEMENTS (KOHA)
Source of classification or shelving scheme
Item type Books

No items available.

UBT Library © 2015-2024. All rights reserved University Education for Business and Technology